Nuôi chim cảnh sinh sản /

שמור ב:
מידע ביבליוגרפי
מחבר ראשי: Vũ Quốc Cư.
פורמט: Bài viết
שפה:Vietnamese
נושאים:
תגים: הוספת תג
אין תגיות, היה/י הראשונ/ה לתייג את הרשומה!
Thư viện lưu trữ: Thư viện Trường Đại học Đà Lạt
LEADER 00739nam a2200265 4500
001 DLU130146122
005 ##20130320
040 # # |a DLU  |b vie 
041 # # |a vie 
044 # # |a vn 
100 # # |a Vũ Quốc Cư. 
245 # # |a Nuôi chim cảnh sinh sản /  |c Vũ Quốc Cư. 
653 # # |a Chim quí hiếm 
653 # # |a Môi trường sống 
653 # # |a Nhân giống 
773 # # |t Tạp chí Việt Nam Hương sắc   |g Số 11(194), 2009, tr. 28-29 
920 # # |a Phòng Tạp chí -- Trung tâm Thông tin - Thư viện Trường Đại học Đà Lạt 
994 # # |a DLU 
900 # # |a True 
911 # # |a Nguyễn Thị Linh Chi 
925 # # |a G 
926 # # |a A 
927 # # |a BB 
980 # # |a Thư viện Trường Đại học Đà Lạt